| 000 | 00908nam a22002417i 4500 | ||
|---|---|---|---|
| 999 |
_c23594 _d23594 |
||
| 003 | AR-CdUCM | ||
| 008 | 260406b20232023 pea|||| |||| 00| 0 spa d | ||
| 020 | _a978-612-331-077-6 | ||
| 040 |
_aMUNICIPALIDAD PROVINCIAL DEL CUSCO _cBIBLIOTECA MUNICIPAL DEL CUSCO |
||
| 041 | _hspa | ||
| 082 |
_22° edición _a985.61 _bV19 |
||
| 100 |
_aValdivia Carrasco, Julio C. _952535 |
||
| 245 | _aLos Reyes Inkas del Perú / | ||
| 260 |
_aLima-Perú _bUniversidad Ricarto Palma - Editorial Universitaria _c2023 |
||
| 300 |
_a404 páginas. : _c24x17 cm. |
||
| 500 | _zBibliografía: páginas 393-404 | ||
| 505 | _aManko Kapak -- Sinchi Roca -- Lloke Yupanqui -- El estado imperial o Tawantinsuyo -- Los descendientes del imperio -- Los últimos Reyes Inkas | ||
| 650 |
_aTupak Wallpa _952536 |
||
| 650 |
_aManko Inka _952537 |
||
| 650 |
_aTupak Amaru II _952538 |
||
| 942 |
_2ddc _cLIBROS |
||
| 945 |
_apbjr _d06-04-2023 |
||